Τεχνικό Σχέδιο (Record no. 4254)
[ view plain ]
| 000 -LEADER | |
|---|---|
| fixed length control field | 01762cam a22002054a 4500 |
| 005 - ΗΜΕΡΟΜΗΝΙΑ ΚΑΙ ΩΡΑ ΤΕΛΕΥΤΑΙΑΣ ΕΝΗΜΕΡΩΣΗΣ | |
| Πεδίο ελέγχου | 20250605164141.0 |
| 008 - FIXED-LENGTH DATA ELEMENTS--GENERAL INFORMATION | |
| Πεδίο ελέγχου σταθερού μήκους | 250528s ||||||||||||||||||||||||d |
| 035 ## - SYSTEM CONTROL NUMBER | |
| System control number | 18958 |
| 040 ## - ΠΗΓΗ ΚΑΤΑΛΟΓΟΓΡΑΦΗΣΗΣ | |
| Φορέας πρωτότυπης καταλογογράφησης | MC Athens Campus Library |
| Γλώσσα καταλογογράφησης | Ελληνικά, Μοντέρνα (1453-) |
| Modifying agency | MC Athens Campus Library |
| Κανόνες περιγραφικής καταλογογράφησης | AACR2 |
| 245 1# - ΤΙΤΛΟΣ ΚΑΙ ΔΗΛΩΣΗ ΥΠΕΥΘΥΝΟΤΗΤΑΣ | |
| Τίτλος | Τεχνικό Σχέδιο |
| 260 ## - PUBLICATION, DISTRIBUTION, ETC. | |
| Name of publisher, distributor, etc. | Ίων, |
| Date of publication, distribution, etc. | 1988 |
| 300 ## - PHYSICAL DESCRIPTION | |
| Extent | 96 |
| 505 0# - FORMATTED CONTENTS NOTE | |
| Formatted contents note | Το Τεχνικό Σχέδιο Σήμερα, Εισαγωγή στο Τεχνικό Σχέδιο, Γραμμογραφία, Σχεδίαση Απλών Γεωμετρικών Κατασκευών, Αρχές Μηχανολογικού Σχεδίου, Τομές, Τοποθέτηση Διαστάσεων, Σπειρώματα - Κοχλίες - Περικόχλια, Ελατήρια, Ήλοι - Ηλώσεις, Σωληνώσεις, Συγκολλήσεις, Άτρακτοι και Τριβές και Σφήνες και Οδοντωτοί Τροχοί, Σύμβολα Κατεργασιών - Διαστάσεις με Ανοχές. |
| 520 ## - SUMMARY, ETC. | |
| Summary, etc. | Το Τεχνικό Σχέδιο Σήμερα, Εισαγωγή στο Τεχνικό Σχέδιο, Γραμμογραφία, Σχεδίαση Απλών Γεωμετρικών Κατασκευών, Αρχές Μηχανολογικού Σχεδίου, Τομές, Τοποθέτηση Διαστάσεων, Σπειρώματα - Κοχλίες - Περικόχλια, Ελατήρια, Ήλοι - Ηλώσεις, Σωληνώσεις, Συγκολλήσεις, Άτρακτοι και Τριβές και Σφήνες και Οδοντωτοί Τροχοί, Σύμβολα Κατεργασιών - Διαστάσεις με Ανοχές. |
| 700 1# - ΠΡΟΣΘΕΤΗ ΑΝΑΓΡΑΦΗ--ΦΥΣΙΚΟ ΠΡΟΣΩΠΟ | |
| Personal name | Παρίκος Γ. Ι |
| 9 (RLIN) | 5239 |
| 700 1# - ΠΡΟΣΘΕΤΗ ΑΝΑΓΡΑΦΗ--ΦΥΣΙΚΟ ΠΡΟΣΩΠΟ | |
| Personal name | Παρίκος Ν. Ι |
| 9 (RLIN) | 5240 |
| 942 ## - ADDED ENTRY ELEMENTS (KOHA) | |
| Koha item type | Books |
| Τύπος τεκμηρίου | Βιβλιοθήκη | Τρέχουσα τοποθεσία | Barcode | Αριθμός εισαγωγής | Ημερομηνία απόκτησης | Ταξιθετικό σύμβολο | Αριθμός αντιτύπου | Κατάσταση απόσυρσης | Κατάσταση χαμένου | Κατάσταση κατεστραμμένου | Μη δανεισμός | Σύνολο δανεισμών | Ημερομηνία τελευταίας εμφάνισης | Η τιμή ισχύει από |
|---|---|---|---|---|---|---|---|---|---|---|---|---|---|---|
| Books | MC Athens Campus Library | MC Athens Campus Library | 9780000042538 | 3891 | 05/06/2025 | 758.6 PAR | 1 | 05/06/2025 | 05/06/2025 |